[Event "GER-ch Net Amateur Gr-B Final"]
[Site "Playchess.com INT"]
[Date "2020.04.18"]
[Round "7"]
[White "Hoppe, Frank"]
[Black "Lachenmaier, Stefan"]
[Result "1/2-1/2"]
[WhiteElo "1780"]
[BlackElo "1719"]
[PlyCount "73"]
[EventDate "2020.04.18"]
[EventType "swiss (blitz)"]
[EventRounds "13"]
[EventCountry "GER"]
[SourceTitle "CBM 195 Extra"]
[Source "ChessBase"]
[SourceDate "2020.05.31"]
[SourceVersion "1"]
[SourceVersionDate "2020.05.31"]
[SourceQuality "1"]

1. e4 e5 2. d4 exd4 3. c3 d5 4. exd5 Nf6 5. c4 Bb4+ 6. Bd2 Qd6 7. Nf3 Bg4 8. Be2 c6 9. dxc6 Nxc6 10. Bxb4 Qxb4+ 11. Qd2 Ne4 12. Qxb4 Nxb4 13. Na3 d3 14. Bd1 0-0 15. 0-0 Bxf3 16. gxf3 Nd6 17. b3 Rfe8 18. Nb1 Rad8 19. Nd2 Nf5 20. a3 Nc2 21. Ra2 Nfd4 22. Kg2 h5 23. h4 f6 24. b4 g5 25. hxg5 fxg5 26. Ne4 Re5 27. Nf6+ Kf7 28. Nxh5 Ne2 29. Bxc2 dxc2 30. Rxc2 Nf4+ 31. Nxf4 gxf4 32. Rfc1 Rg8+ 33. Kf1 Rh8 34. Kg1 Rg8+ 35. Kf1 Rh8 36. Kg2 Rg8+ 37. Kf1 1/2-1/2

[Event "GER-ch Net Amateur Gr-B Final"]
[Site "Playchess.com INT"]
[Date "2020.04.18"]
[Round "10"]
[White "Lachenmaier, Stefan"]
[Black "Kettner Nikolaus, Frank"]
[Result "0-1"]
[WhiteElo "1719"]
[BlackElo "1735"]
[PlyCount "68"]
[EventDate "2020.04.18"]
[EventType "swiss (blitz)"]
[EventRounds "13"]
[EventCountry "GER"]
[SourceTitle "CBM 195 Extra"]
[Source "ChessBase"]
[SourceDate "2020.05.31"]
[SourceVersion "1"]
[SourceVersionDate "2020.05.31"]
[SourceQuality "1"]

1. e4 c5 2. Nc3 d6 3. g3 Nf6 4. Bg2 g6 5. d3 Bg7 6. f4 0-0 7. Nf3 Bg4 8. 0-0 Nc6 9. h3 Bxf3 10. Bxf3 Nd4 11. Bg2 b5 12. Ne2 Nxe2+ 13. Qxe2 Rb8 14. f5 Nd7 15. g4 Bd4+ 16. Kh1 Nf6 17. Bh6 Re8 18. c3 Be5 19. h4 Qc7 20. h5 gxh5 21. g5 Ng4 22. Bh3 Nxh6 23. gxh6 Kh8 24. Qxh5 Rg8 25. Qxf7 Rbf8 26. Qh5 Bf6 27. Rg1 d5 28. Rxg8+ Rxg8 29. Rg1 Rxg1+ 30. Kxg1 Qg3+ 31. Bg2 Qe3+ 32. Kh2 Be5+ 33. Kh1 Qe1+ 34. Bf1 Qxf1# 0-1

[Event "GER-ch Net Amateur Gr-B Final"]
[Site "Playchess.com INT"]
[Date "2020.04.18"]
[Round "4"]
[White "Lachenmaier, Stefan"]
[Black "Mader, Lena"]
[Result "1-0"]
[WhiteElo "1719"]
[BlackElo "1593"]
[PlyCount "95"]
[EventDate "2020.04.18"]
[EventType "swiss (blitz)"]
[EventRounds "13"]
[EventCountry "GER"]
[SourceTitle "CBM 195 Extra"]
[Source "ChessBase"]
[SourceDate "2020.05.31"]
[SourceVersion "1"]
[SourceVersionDate "2020.05.31"]
[SourceQuality "1"]

1. e4 c6 2. d4 d5 3. exd5 cxd5 4. Nf3 Nc6 5. c3 Nf6 6. Bd3 g6 7. Bg5 Bg7 8. Nbd2 0-0 9. Ne5 Bf5 10. Bxf5 gxf5 11. Ndf3 Ne4 12. Bf4 Rc8 13. Qd3 a6 14. h4 e6 15. h5 h6 16. g4 Nxe5 17. Nxe5 Ng5 18. Qe3 Bxe5 19. Bxe5 f6 20. Bf4 Qb6 21. 0-0 fxg4 22. b4 Kh7 23. a4 Qd8 24. Qxe6 Qe8 25. Qf5+ Kh8 26. Qxg4 Qf7 27. Rae1 Rce8 28. Bxg5 hxg5 29. Kg2 Rg8 30. Kh3 Qc7 31. Qg3 Qb6 32. Qf3 Qd8 33. Qf5 Ref8 34. Re6 Rg7 35. Kg4 Rh7 36. Rfe1 Rff7 37. Re8+ Qxe8 38. Rxe8+ Kg7 39. Re6 Rh6 40. Rd6 Rh7 41. Rd7 Rh6 42. Rxf7+ Kxf7 43. Qxd5+ Kg7 44. Qxb7+ Kh8 45. Qxa6 Rh7 46. Qxf6+ Rg7 47. h6 Kh7 48. Qxg7# 1-0

[Event "GER-ch Net Amateur Gr-B Final"]
[Site "Playchess.com INT"]
[Date "2020.04.18"]
[Round "11"]
[White "Schmukal, Jens"]
[Black "Lachenmaier, Stefan"]
[Result "1-0"]
[WhiteElo "1758"]
[BlackElo "1719"]
[PlyCount "75"]
[EventDate "2020.04.18"]
[EventType "swiss (blitz)"]
[EventRounds "13"]
[EventCountry "GER"]
[SourceTitle "CBM 195 Extra"]
[Source "ChessBase"]
[SourceDate "2020.05.31"]
[SourceVersion "1"]
[SourceVersionDate "2020.05.31"]
[SourceQuality "1"]

1. d4 d5 2. c4 e6 3. Nf3 Nf6 4. Bf4 Be7 5. Nc3 0-0 6. e3 b6 7. Rc1 Bb7 8. cxd5 Nxd5 9. Nxd5 Bxd5 10. Bxc7 Bb4+ 11. Nd2 Qg5 12. Bg3 Nd7 13. a3 Be7 14. Nf3 Qf6 15. Bb5 Nb8 16. Bh4 Bxf3 17. Bxf6 Bxd1 18. Bxe7 a6 19. Bxf8 axb5 20. Rxd1 Kxf8 21. 0-0 b4 22. axb4 Ra4 23. Ra1 Rxb4 24. Ra8 Rxb2 25. Rxb8+ Ke7 26. Rb7+ Kf6 27. g3 g5 28. Kg2 h5 29. Rc1 h4 30. gxh4 gxh4 31. Rcc7 h3+ 32. Kg3 e5 33. Rxf7+ Kg6 34. dxe5 Rb5 35. Rf6+ Kg5 36. Rbxb6 Rxe5 37. f4+ Kh5 38. Rh6# 1-0

[Event "GER-ch Net Amateur Gr-B Vor1"]
[Site "Playchess.com INT"]
[Date "2020.04.14"]
[Round "1"]
[White "Diehl, Mirko"]
[Black "Lachenmaier, Stefan"]
[Result "1-0"]
[WhiteElo "1889"]
[BlackElo "1620"]
[PlyCount "103"]
[EventDate "2020.04.14"]
[EventType "swiss (blitz)"]
[EventRounds "9"]
[EventCountry "GER"]
[SourceTitle "EXT 2021"]
[Source "ChessBase"]
[SourceDate "2020.10.23"]
[SourceVersion "1"]
[SourceVersionDate "2020.10.23"]
[SourceQuality "1"]

1. d4 d5 2. Bf4 e6 3. e3 Bd6 4. Bg3 Nf6 5. Nf3 Ne4 6. Nbd2 Nxg3 7. hxg3 h6 8. Bd3 b6 9. c3 Ba6 10. Qe2 Bxd3 11. Qxd3 Nd7 12. e4 dxe4 13. Nxe4 Qe7 14. Nxd6+ Qxd6 15. 0-0 0-0 16. Rad1 a5 17. Rfe1 Rfd8 18. Qb5 c6 19. Qb3 b5 20. Qc2 Nb6 21. Ne5 Nd7 22. Nd3 Qd5 23. a3 Qd6 24. Qe2 Qc7 25. Qe3 Rac8 26. Nf4 c5 27. d5 e5 28. Nh5 Qd6 29. g4 g5 30. Qe4 Qg6 31. Ng3 Qxe4 32. Nxe4 f6 33. Re2 Kf7 34. f3 Nb6 35. Red2 Nc4 36. Rc2 Ne3 37. Rcd2 Nxd1 38. Rxd1 Rd7 39. d6 Rc6 40. Rd5 b4 41. axb4 axb4 42. Kf2 bxc3 43. bxc3 Rc8 44. c4 Ke6 45. Nxc5+ Kf7 46. Nxd7 Rxc4 47. Nb6 Rc2+ 48. Kg3 Ke8 49. d7+ Kd8 50. Rd6 Rc7 51. Rxf6 e4 52. Rf8+ 1-0

[Event "IECC M email"]
[Site "IECC email"]
[Date "1998.05.20"]
[Round "?"]
[White "Nguyen, Lam"]
[Black "Lachenmaier, Stefan"]
[Result "0-1"]
[WhiteElo "1690"]
[BlackElo "1846"]
[PlyCount "34"]
[EventDate "1998.??.??"]
[EventType "tourn (corr)"]
[EventRounds "12"]
[SourceTitle "Corr 2008"]
[Source "ChessBase"]
[SourceDate "2008.06.24"]
[SourceVersion "1"]
[SourceVersionDate "2008.06.24"]
[SourceQuality "1"]

1. d4 f5 2. Nf3 Nf6 3. Nc3 e6 4. Bg5 Bb4 5. Qd3 0-0 6. Bxf6 Rxf6 7. a3 Bxc3+ 8. Qxc3 d6 9. 0-0-0 Nd7 10. e3 Nb6 11. Bc4 Nxc4 12. Qxc4 Bd7 13. h3 b5 14. Qd3 a5 15. g4 Bc6 16. Qe2 fxg4 17. hxg4 Bxf3 0-1

[Event "IECC M email"]
[Site "IECC email"]
[Date "1998.05.09"]
[Round "?"]
[White "Lachenmaier, Stefan"]
[Black "Glew, David"]
[Result "0-1"]
[WhiteElo "1855"]
[BlackElo "1935"]
[PlyCount "108"]
[EventDate "1998.??.??"]
[EventType "tourn (corr)"]
[EventRounds "12"]
[SourceTitle "Corr 2008"]
[Source "ChessBase"]
[SourceDate "2008.06.24"]
[SourceVersion "1"]
[SourceVersionDate "2008.06.24"]
[SourceQuality "1"]

1. e4 Nc6 2. f4 e5 3. Nf3 exf4 4. d4 Nf6 5. Bd3 d5 6. e5 Nh5 7. 0-0 g6 8. Nc3 Bg4 9. Ne2 Bg7 10. c3 f6 11. Nxf4 fxe5 12. Nxh5 Bxh5 13. Qb3 e4 14. Qxb7 0-0 15. Qxc6 exf3 16. Rf2 Rb8 17. Qe6+ Kh8 18. Qh3 fxg2 19. Qxg2 Qh4 20. Be3 Rxf2 21. Bxf2 Qf4 22. Rb1 Qd2 23. Bf1 Qc2 24. Re1 Qxb2 25. Re7 Qxa2 26. Rxc7 Rf8 27. Bg3 Qa1 28. h3 h6 29. Bd6 Rf5 30. Rc8+ Kh7 31. Rc7 Rg5 32. Bg3 Qc1 33. h4 Rf5 34. Be5 Qe3+ 35. Kh2 Rxe5 36. dxe5 Qxe5+ 37. Qg3 Qf6 38. Bg2 d4 39. cxd4 Qxd4 40. Rb7 a5 41. Bh3 a4 42. Bg2 Bg4 43. Bh3 Bxh3 44. Kxh3 Qc5 45. Rc7 Qa5 46. Qd6 Qf5+ 47. Kg2 Qg4+ 48. Qg3 Qe2+ 49. Kh3 Qe6+ 50. Qg4 Qe5 51. Qg3 Qf5+ 52. Kh2 Kg8 53. Re7 Bf8 54. Re8 Kh7 0-1

[Event "Passau op 6th"]
[Site "Passau"]
[Date "1998.04.12"]
[Round "6"]
[White "Lachenmaier, Stefan"]
[Black "Deues, Erik"]
[Result "0-1"]
[WhiteElo "1805"]
[BlackElo "2015"]
[PlyCount "85"]
[EventDate "1998.04.10"]
[EventType "swiss"]
[EventRounds "7"]
[EventCountry "GER"]
[SourceTitle "EXT 1999"]
[Source "ChessBase"]
[SourceDate "1998.11.16"]
[SourceVersion "1"]
[SourceVersionDate "1998.11.16"]
[SourceQuality "1"]

1. e4 c5 2. Nc3 Nc6 3. g3 g6 4. Bg2 Bg7 5. d3 e6 6. Be3 Nd4 7. Nge2 Ne7 8. 0-0 d6 9. Rb1 Nec6 10. a3 a5 11. Qd2 h6 12. f4 f5 13. Kh1 0-0 14. Nd1 Nxe2 15. Qxe2 Nd4 16. Bxd4 cxd4 17. exf5 exf5 18. c3 Re8 19. Qd2 Qb6 20. cxd4 Qxd4 21. Rc1 Be6 22. Nc3 Bc4 23. Qf2 Ba6 24. Nd5 Qxf2 25. Rxf2 Bxd3 26. Nc7 Rac8 27. Bxb7 Rxc7 28. Rxc7 Bd4 29. Bd5+ Kh8 30. Rd2 Re1+ 31. Kg2 Bf1+ 32. Kf3 Re3+ 33. Kf2 Re2+ 34. Kxf1 Rxd2 35. Bf7 g5 36. fxg5 hxg5 37. h3 Bxb2 38. Ra7 Bxa3 39. Rxa5 Bc5 40. Ra4 Rf2+ 41. Ke1 Rh2 42. h4 Bf2+ 43. Kf1 0-1

[Event "Passau op 6th"]
[Site "Passau"]
[Date "1998.04.11"]
[Round "4"]
[White "Lachenmaier, Stefan"]
[Black "Fuchs, Christian"]
[Result "1/2-1/2"]
[WhiteElo "1805"]
[BlackElo "1915"]
[PlyCount "66"]
[EventDate "1998.04.10"]
[EventType "swiss"]
[EventRounds "7"]
[EventCountry "GER"]
[SourceTitle "EXT 1999"]
[Source "ChessBase"]
[SourceDate "1998.11.16"]
[SourceVersion "1"]
[SourceVersionDate "1998.11.16"]
[SourceQuality "1"]

1. e4 e5 2. Nf3 Nf6 3. Nxe5 d6 4. Nf3 Nxe4 5. d4 d5 6. Bd3 Bg4 7. Bf4 Nc6 8. c3 Bd6 9. Bxd6 Qxd6 10. h3 Bh5 11. Nbd2 Nxd2 12. Qxd2 Bxf3 13. gxf3 0-0-0 14. 0-0-0 Qf6 15. f4 g6 16. f5 a6 17. h4 Ne7 18. Rde1 Rhe8 19. Qg5 Ng8 20. Re3 Rxe3 21. fxe3 Re8 22. Rf1 Qxg5 23. hxg5 Rxe3 24. fxg6 fxg6 25. Bxg6 hxg6 26. Rf8+ Kd7 27. Rxg8 Re6 28. Kd2 Ke7 29. Rg7+ Kd6 30. a4 b6 31. b4 b5 32. axb5 axb5 33. Kd3 Kc6 1/2-1/2